000 00580nam a2200229Ia 4500
003 OSt
005 20221005115208.0
006 a|||||r|||| 00| 0
007 ta
008 221004b |||||||| |||| 00| 0 urd d
024 _a71206
037 _cTextual
040 _aCRL
_cCRL
_burd
041 _2urd
_aurd
082 _aO168,1M76:g, M7
100 _aMunawwar Mohammad Au.
_9594866
245 0 _aBurhan-e-Iqbal
260 _c1987
650 _aURDU POETRY
942 _hO168,1M76:g, M7
_cTEXL
_2cc
999 _c1033735
_d1033735